Modern living accessories / (Record no. 354011)
[ view plain ]
| 000 -LEADER | |
|---|---|
| fixed length control field | 01256nam a2200253 a 4500 |
| 001 - CONTROL NUMBER | |
| control field | ASIN3848000415 |
| 003 - CONTROL NUMBER IDENTIFIER | |
| control field | OSt |
| 005 - DATE AND TIME OF LATEST TRANSACTION | |
| control field | 20180116192424.0 |
| 008 - FIXED-LENGTH DATA ELEMENTS--GENERAL INFORMATION | |
| fixed length control field | 140828s2012 xxu eng d |
| 020 ## - INTERNATIONAL STANDARD BOOK NUMBER | |
| International Standard Book Number | 3848000415 (hardcover) |
| 020 ## - INTERNATIONAL STANDARD BOOK NUMBER | |
| International Standard Book Number | 9783848000418 (hardcover) |
| 040 ## - CATALOGING SOURCE | |
| Transcribing agency | sada |
| 082 ## - DEWEY DECIMAL CLASSIFICATION NUMBER | |
| Classification number | 745.2 |
| Author Mark | MOD 2012 |
| 245 00 - TITLE STATEMENT | |
| Title | Modern living accessories / |
| Statement of responsibility, etc. | FremdkÖrper Studio Andrea Mehlhose. |
| 250 ## - EDITION STATEMENT | |
| Edition statement | Mul ed. |
| 260 ## - PUBLICATION, DISTRIBUTION, ETC. | |
| Place of publication, distribution, etc. | [S.l.] : |
| Name of publisher, distributor, etc. | H.F.Ullmann Publishing Gmbh, |
| Date of publication, distribution, etc. | 2012. |
| 300 ## - PHYSICAL DESCRIPTION | |
| Extent | 512 p. ; |
| Dimensions | 31 cm. |
| 490 1# - SERIES STATEMENT | |
| Series statement | English, french and german edition. |
| 520 ## - SUMMARY, ETC. | |
| Summary, etc. | Many of the design objects included in Modern Living Accessories are famous design classics, such as Pietro Chiesa’s vase Cartoccio (1932), or outstanding creations by Finnish designer Tapio Wirkkalas from the late 1960s and early 1970s up to Jaime Hayon’s and his Cristal Candy series (2009) for Baccarat. This comprehensive sourcebook features them beautifully, with full descriptions of their historic relevance and design excellence. |
| 650 ## - SUBJECT ADDED ENTRY--TOPICAL TERM | |
| Topical term or geographic name entry element | Interior decoration accessories. |
| 9 (RLIN) | 7781 |
| 830 #0 - SERIES ADDED ENTRY--UNIFORM TITLE | |
| Uniform title | English, french and german edition. |
| 9 (RLIN) | 7782 |
| 856 40 - ELECTRONIC LOCATION AND ACCESS | |
| Materials specified | Amazon.com |
| Uniform Resource Identifier | <a href="http://www.amazon.com/exec/obidos/ASIN/3848000415/chopaconline-20">http://www.amazon.com/exec/obidos/ASIN/3848000415/chopaconline-20</a> |
| 942 ## - ADDED ENTRY ELEMENTS (KOHA) | |
| Source of classification or shelving scheme | |
| Koha item type | Book |
| Withdrawn status | Lost status | Source of classification or shelving scheme | Damaged status | Not for loan | Permanent Location | Current Location | Date acquired | Total Checkouts | Full call number | Barcode | Date last seen | Cost, replacement price | Price effective from | Koha item type |
|---|---|---|---|---|---|---|---|---|---|---|---|---|---|---|
| School of Art Design and Architecture (SADA) | School of Art Design and Architecture (SADA) | 08/27/2014 | 745.2 MOD 2012 | SADA0002379 | 01/05/2017 | 6472.32 | 01/05/2017 | Book |
